00594nai a2200145Ia 4500003000900000008004100009022002300050040001600073245005800089260008600147362002400233521006900257650002900326856009300355IN-BaIIA211028c9999 xx s 000 0 eng d a2644-1268 (Online) cIIA Library 0aIEEE Open Journal of the Computer Societyh[eJournal] aNew York, USAbThe Institute of Electrical and Electronics Engineers, Inc. (IEEE) a1(); 2020 - Present bSubscribed through National Knowledge Resource Consortium (NKRC) aComputing and Processing uhttps://ieeexplore.ieee.org/servlet/opac?punumber=8782664yClick Here to Access eJournal